00760nam a2200217 a 4500001001000000003000400010005001700014008004100031040002500072049000900097082002000106100003300126245002900159260006800188300002100256650003600277650003100313942001400344952016700358999001700525000033160OSt20240412074257.0110818s1928 dr 000 0 spa d aDO-SdBNPbspacBNPHU aBNPD aRD863.44bC787b1 aCoradin E., Victor M.95880813aEl baile azul :bnovela. aLa Romana, República Dominicana :bImprenta La Romana,c1928. a105 p. ;c18 cm. 0x aRepública Dominicana99306 0aLiteratura dominicana.967 2ddccLBS1 00102ddc708PDaPDbPDcOId2011-08-18iLF1l0oRD863.44 C787bp33160-10r2020-06-25w2020-06-25yLFPDzPerteneció a la biblioteca personal de Martínez Boog c32651d32651